| 000 | 00374nam a2200169Ia 4500 | ||
|---|---|---|---|
| 001 | 3288 | ||
| 005 | 20260306145632.0 | ||
| 008 | 260306t9999||||xx |||||||||||||| ||spa|| | ||
| 041 | _aESP | ||
| 082 |
_a262.92 _bB44 |
||
| 100 |
_aBenedicto XVI _eAUT |
||
| 245 | 0 | _aCarta encĂclica spe salvi | |
| 300 |
_a _c |
||
| 650 | _aGEN | ||
| 654 | _aCHU | ||
| 942 |
_cLIB _dJUS _fJUS _2ddc _n |
||
| 999 |
_c3288 _d3288 |
||